000
00330nam a22001337a 4500
008
181022b xxu||||| |||| 00| 0 eng d
020
_a
9780135011805
041
_a
eng
080
_a
610
100
_a
4
101
_a
SHM
245
_a
Health Smart Your Personal plan to living longer and Healthier
_c
Vierck,E
942
_2
udc
_c
BK
999
_c
50399
_d
50399